| 000 | 01101nam a22003497a 4500 | ||
|---|---|---|---|
| 003 | CHAP | ||
| 005 | 20220329143725.0 | ||
| 008 | 110415s1996 mx a r 00010 spa d | ||
| 010 | _a100964 | ||
| 011 | _a101936 | ||
| 020 | _a9706370501 | ||
| 035 | _a112624 | ||
| 040 | _cCHAP | ||
| 082 | 0 | 4 |
_a363.73 _bW12 |
| 100 | 1 |
_aWagner, Travis _9120791 |
|
| 245 | 1 | 0 |
_aContaminación, causas y efectos _c/por Travis Wagner |
| 260 |
_aMéxico, D.F. : _bGernika, _c1996 |
||
| 300 |
_a423 p. : _bilus., cuadros, gráfs. |
||
| 590 |
_aBATCH-UPD _b10 _c20130110 _lUCH01 _h0904 |
||
| 590 |
_aBATCH-UPD _b10 _c20130410 _lUCH01 _h0532 |
||
| 590 |
_aBATCH-UPD _b10 _c20130913 _lUCH01 _h2330 |
||
| 590 |
_aCONVERSION _b10 _c20130109 _lUCH01 _h1356 |
||
| 650 | 1 | 4 |
_aAgua subterranea. _92456 |
| 650 | 1 | 4 |
_aAgua _xConservacion. _92319 |
| 650 | 1 | 4 |
_aAgua _xContaminación. _92351 |
| 650 | 1 | 4 |
_aAire _xContaminación. _93138 |
| 650 | 1 | 4 |
_aMedio ambiente _xContaminación. _974069 |
| 650 | 1 | 4 |
_aPesticidas. _987536 |
| 901 | _aBK | ||
| 942 | _cLIBRO | ||
| 949 |
_a363.73 W12 _bBC _cLIBRO _d33724002239264 _eLIBRO _h114697 _i112624 _si |
||
| 999 |
_c100964 _d100964 |
||